|
|
|
|
| LEADER |
01104nam a2200253 u 4500 |
| 001 |
10056081 |
| 003 |
upatras |
| 005 |
20210526154142.0 |
| 008 |
060110s1976 gr gre |
| 040 |
|
|
|a GR-PaULI
|c GR-PaULI
|
| 041 |
0 |
|
|a gre
|
| 082 |
0 |
4 |
|a 515
|
| 100 |
1 |
|
|a Παναγιωτόπουλος, Αντώνιος Χ.
|9 48621
|
| 245 |
1 |
0 |
|a Στοιχεία μαθηματικών
|b διά τους σπουδαστάς των οικονομικών σχολών
|c Αντώνιου Χ. Παναγιωτοπούλου
|
| 260 |
|
|
|a Πειραιάς
|b [χ.ο.]
|c 1976
|
| 300 |
|
|
|a 340 σ.
|c 24 εκ.
|
| 650 |
|
4 |
|a Μαθηματικά
|9 104
|
| 650 |
|
4 |
|a Μαθηματική ανάλυση
|9 129
|
| 650 |
|
4 |
|a Οικονoμικά μαθηματικά
|9 40375
|
| 852 |
|
|
|a GR-PaULI
|b ΠΑΤΡΑ
|b ΒΚΠ
|b ΒΣ1
|k ΑΣΧΕ-12
|h 515 ΠΑΝ
|m 081510
|p 025000037957
|t 1
|
| 942 |
|
|
|2 ddc
|c BK15
|
| 952 |
|
|
|0 0
|1 0
|4 0
|6 515_000000000000000_ΠΑΝ
|7 0
|9 51220
|a LISP
|b LISP
|c BSC
|d 2016-04-24
|i 081510
|l 0
|o 515 ΠΑΝ
|p 025000037957
|r 2016-04-24 00:00:00
|t 1
|w 2016-04-24
|y BK15
|
| 998 |
|
|
|c ΣΑΤΛΑΝΗΣ
|d 2006-01
|
| 999 |
|
|
|c 32551
|d 32551
|